000 00700nam a2200241 a 4500
001 BRCA_5341
005 20190320205035.0
008 061210s190u----gw-a######---#000-0#ger-#
041 _ager
044 _agw
050 4 _aNE654
_b.F75 1900
100 1 _aFriedländer, Max J.
_97466
245 1 0 _aAlbrecht Altdorfer
_cvon Max J. Friedländer.
260 _aMúnich
_bBruno Cassirer
_c[1900?]
300 _a171 p.
_bil.
_c30 cm.
500 _aIncluye índice de pinturas e índice de ilustraciones
500 _aE104
504 _aIncluye referencias bibliográficas
600 1 4 _aAltdorfer, Albrecht
_d1488-1538
_97383
650 1 4 _aGrabadores alemanes
_97216
902 _aGFM
942 _2lcc
_cB
999 _c5035
_d5035